Teams Robben has played for - Statistics

General Stats
  • This quiz has been taken 41 times
  • The average score is 4 of 5
Answer Stats
Answer % Correct
Chelsea
100%
Real Madrid
97%
Bayern Munich
92%
PSV
77%
Groningen
49%
No matching quizzes found
Score Distribution
Percent of People with Each Score
Percentile by Number Answered
Your Score History
You have not taken this quiz